Seed - the sixth expert and scientific seminar with international participation, Prague 6 february 2003

Bibliographic Details
Main Author: Petrovič, Ján (Author)
Format: Article
Language:Slovak
ISSN:0551-3677
Subjects:

MARC

LEADER 00000nab a2200000 a 4500
001 vtls000858865
003 SK-MaSNL
005 20260305020103.0
008 250429c2003 xo 0 slo
015 |a SNBRB2004/01-01328 
035 |a CLN000210510 
035 |a urn:nbn:sk:snk-ab1gpw 
035 |a (urnnbn)urn:nbn:sk:snk:ar-003nsu 
035 |a (uuid)32b56388-e5b7-4837-84c9-61b86c83efcb 
040 |a SNKBUCL  |b slo  |c SNKBUCL  |e AACR2 
041 0 |a slo 
044 |a xo  |c SK 
080 |a 631.53.02/.03:061.3(100)  |2 1997 
100 1 |a Petrovič, Ján  |4 aut  |9 5311 
245 1 0 |a Seed - the sixth expert and scientific seminar with international participation, Prague 6 february 2003  |c Ján Petrovič 
611 1 7 |a Osivo a sadba  |d 2003  |c Praha, Česko  |2 snkbucl  |9 1595470 
650 0 7 |a semenárstvo  |2 snkbucl  |9 22375 
650 0 7 |a sadivo  |2 snkbucl  |9 16502 
650 0 7 |a osivo  |2 snkbucl  |9 18230 
655 7 |a články z novín a časopisov  |2 snkbucl  |9 267496 
773 0 |t Agriculture  |g Roč. 49, č. 5 (2003), s. 265-266  |x 0551-3677 
850 |a Slovenská národná knižnica 
852 |a Slovenská národná knižnica 
954 |a odborná, vedecká literatúra pôvodná (slovenská)  |2 lita 
958 |a article27 
958 |a OND 
958 |a EUIPO 
992 |a RBX 
999 |c 3278713  |d 3280643